000 00685cam a22002413a 4500
001
003 DO-SdBNP
005 20220428110615.0
008 940817s1990 nyu d 000 1 eng d
040 _aBPMSU
_bspa
_cBPMSU
_d
082 _a813
_bS745b 1990
_222
100 1 _aSpencer, LaVyrle.
245 1 0 _aBitter sweet /
_cLaVyrle Spencer.
260 _aNew York :
_bPutnam,
_c1990
300 _a382 p. ;
_c23 cm.
590 _6Inventariado, 2022/VM
650 4 _a Novela estadounidense.
650 4 _aHistoria de amor
655 7 _aHistorical fiction.
_2gsafd
710 2 _aCopyright Paperback Collection (Library of Congress)
_5DLC
910 _aVMateo V.
942 _2ddc
_cBK
999 _c14172
_d14172